00362nam a2200145Ia 4500003000400000005001700004008004100021040000600062041000800068082001200076100001900088245002400107260004100131520004400172OSt20251117105709.0240719s9999 xx 000 0 und d c1 aeng a823 JAC aJackson Holly  aGood Girl Bad Blood aLondonbFarshore HarperCollinsc2021 aFaculty Purchase By Dr. Jitendra Sharma